书目信息 |
| 题名: |
世界经济概论
|
|
| 作者: | 王章耀 , 牟瀛 , 杜厚文 编 | |
| 分册: | ||
| 出版信息: | 北京 中国人民大学出版社 1986 |
|
| 页数: | 540页 | |
| 开本: | 20cm | |
| 丛书名: | ||
| 单 册: | ||
| 中图分类: | F112 , F11 | |
| 科图分类: | ||
| 主题词: | 世界经济--概论 , 经济--世界 , 国际经济关系 | |
| 电子资源: | ||
| ISBN: | ||
| 000 | 00778nam0 2200301 45 | |
| 001 | 0186018162 | |
| 005 | 20040425082152.0 | |
| 010 | @dCNY3.25 | |
| 091 | @a4011.454 | |
| 100 | @a19900724d1986 em y0chiy0121 ea | |
| 101 | 0 | @achi |
| 102 | @aCN@b110000 | |
| 105 | @ak z 000yy | |
| 106 | @ar | |
| 200 | 10 | @a世界经济概论@Ashi jie jing ji gai lun@f王章耀等编 |
| 210 | @a北京@c中国人民大学出版社@d1986 | |
| 215 | @a540页@d20cm | |
| 606 | @a世界经济@x概论 | |
| 606 | 0 | @a经济@x世界 |
| 606 | 0 | @a国际经济关系 |
| 690 | @aF112@v3 | |
| 690 | @aF11 | |
| 701 | 0 | @a王章耀@Awang zhang yao@4编 |
| 701 | 0 | @a牟瀛@Amou ying@4编 |
| 701 | 0 | @a杜厚文@Adu hou wen@4编 |
| 801 | 0 | @aCN@b深圳图书馆@c20040425 |
| 801 | 2 | @aCN@bNLC@c20040425 |
| 905 | @f2@b170962-963@dF11@e45 | |
| 世界经济概论/王章耀等编.-北京:中国人民大学出版社,1986 |
| 540页;20cm |
| ISBN :CNY3.25 |
| ● |
| 相关链接 |
|
|
|
|
正题名:世界经济概论
索取号:F11/45
 
预约/预借
| 序号 | 登录号 | 条形码 | 馆藏地/架位号 | 状态 | 备注 |
| 1 | 0170962 | 000196344 | 密集书库/ [索取号:F11/45] | 在馆 | |
| 2 | 0170963 | 000196380 | 密集书库/ [索取号:F11/45] | 在馆 | |
| 3 | 0170964 | 002056946 | 第一样本阅览室/ [索取号:F11/45] | 在馆 |